Statistics for Guess Countries on Christmas tree - special Christmas quiz

Click here to take the quiz!

General Stats

  • This quiz has been taken 133 times
    (127 since last reset)
  • The average score is 16 of 20

Answers on the Map

Answers color-coded by a green-red scale on the quiz's map according to % correct below.
Loading ...
 

Answer Stats

Country% Correct
Finland
96%
Canada
96%
United Kingdom
96%
Sweden
95%
Iceland
92%
Vatican City
92%
Bhutan
92%
Barbados
91%
Lebanon
89%
Tunisia
86%
Japan | Bangladesh
85%
Armenia
81%
Australia
80%
Pakistan
76%
China
75%
Eswatini
75%
Haiti
72%
Marshall Islands
70%
Vietnam
65%
Grenada
35%

Score Distribution

Percentile by Number Answered

Percent of People with Each Score

Your Score History

You have not taken this quiz since the last reset